[Event "32nd ECC Open 2016"]
[Site "Novi Sad SRB"]
[Date "2016.11.07"]
[Round "2.7"]
[Board "6"]
[White "Rieger, Robert"]
[Black "Dvirnyy, Danyyil"]
[Result "0-1"]
[WhiteTitle "FM"]
[BlackTitle "GM"]
[WhiteElo "2287"]
[BlackElo "2552"]
[WhiteTeam "SC MPO Maria Saal"]
[BlackTeam "OR Padova"]
[WhiteFideId "1625527"]
[BlackFideId "817570"]
[EventDate "2016.11.06"]

1. e4 c6 2. d4 d5 3. e5 Bf5 4. h4 c5 5. dxc5 Nc6 6. Bb5 Qc7 7. Bf4 O-O-O 8. Bxc6
Qxc6 9. Qd4 e6 10. b4 Ne7 11. Nc3 Bxc2 12. Nge2 Nf5 13. Qd2 d4 14. Qxc2 dxc3 15.
f3 Be7 16. Qxc3 Bxh4+ 17. g3 g5 18. gxh4 gxf4 19. Kf2 Rhg8 20. Nxf4 Qa4 21. Ne2
Rd5 22. Qb3 Qb5 23. Rad1 Rg2+ 24. Kxg2 Qxe2+ 25. Kh3 Ne3 26. Rdg1 Qxf3+ 0-1

[Event "32nd ECC Open 2016"]
[Site "Novi Sad SRB"]
[Date "2016.11.07"]
[Round "2.8"]
[Board "2"]
[White "Dominguez Perez, Leinier"]
[Black "Pijpers, Arthur"]
[Result "1-0"]
[WhiteTitle "GM"]
[BlackTitle "IM"]
[WhiteElo "2752"]
[BlackElo "2465"]
[WhiteTeam "Mednyi Vsadnik"]
[BlackTeam "LSG IntelliMagic"]
[WhiteFideId "3503240"]
[BlackFideId "1019554"]
[EventDate "2016.11.06"]

1. e4 e6 2. d4 d5 3. Nc3 Nf6 4. e5 Nfd7 5. f4 c5 6. Nf3 Nc6 7. Be3 cxd4 8. Nxd4
Qb6 9. Qd2 Qxb2 10. Rb1 Qa3 11. Bb5 Nxd4 12. Bxd4 a6 13. Bxd7+ Bxd7 14. Rb3 Qe7
15. Rxb7 Qd8 16. Bb6 Qc8 17. Rc7 Qd8 18. Qd4 Ba3 19. Nb1 Be7 20. c4 Rc8 21. Rb7
Bb4+ 22. Kf2 Qxb6 23. Rxb6 Bc5 24. Rd1 Bxd4+ 25. Rxd4 dxc4 26. Nc3 Rc7 27. Rxa6
Ke7 28. Ke3 Rb8 29. Rd2 f6 30. Ra5 Be8 31. g4 Rbb7 32. h4 Rd7 33. Rd4 Bg6 34. a4
Bd3 35. Rb5 Ra7 36. a5 h6 37. Rxd7+ Kxd7 38. Kd4 Ra6 39. Rb7+ Kc6 40. Rxg7 fxe5+
41. fxe5 Ra8 42. Re7 Rd8+ 43. Ke3 Kc5 44. Rxe6 Kb4 45. Rd6 Rg8 46. Nd5+ Kxa5 47.
Nf6 Rc8 48. Rxd3 cxd3 49. Kxd3 Rc6 50. g5 hxg5 51. hxg5 Kb5 52. g6 Rc7 53. Ke4
Kc6 54. Nh5 1-0

[Event "32nd ECC Open 2016"]
[Site "Novi Sad SRB"]
[Date "2016.11.07"]
[Round "2.8"]
[Board "3"]
[White "Van Haastert, Edwin"]
[Black "Matlakov, Maxim"]
[Result "1/2-1/2"]
[WhiteTitle "IM"]
[BlackTitle "GM"]
[WhiteElo "2448"]
[BlackElo "2691"]
[WhiteTeam "LSG IntelliMagic"]
[BlackTeam "Mednyi Vsadnik"]
[WhiteFideId "1003992"]
[BlackFideId "4168003"]
[EventDate "2016.11.06"]

1. e4 c5 2. Nf3 Nc6 3. d4 cxd4 4. Nxd4 e6 5. Nc3 Qc7 6. Be3 a6 7. Qd2 Nf6 8.
O-O-O Be7 9. f3 b5 10. Nxc6 dxc6 11. g4 e5 12. h4 Be6 13. Qf2 O-O 14. Bh3 a5 15.
g5 Nh5 16. Bxe6 fxe6 17. Ne2 c5 18. Rd2 Rad8 19. Rxd8 Rxd8 20. Rd1 Rf8 21. Qg2
Qc6 22. Bg1 g6 23. Bh2 Bd6 24. Ng3 Nf4 25. Qd2 Bc7 26. Nf1 Rd8 27. Qe1 Rxd1+ 28.
Qxd1 c4 29. Ne3 c3 30. Ng4 cxb2+ 31. Kb1 Qc3 32. Bxf4 exf4 33. Qd7 Qe1+ 34. Kxb2
Qb4+ 35. Kc1 Qe1+ 36. Kb2 Qb4+ 1/2-1/2

[Event "32nd ECC Open 2016"]
[Site "Novi Sad SRB"]
[Date "2016.11.07"]
[Round "2.8"]
[Board "4"]
[White "Rodshtein, Maxim"]
[Black "Bosman, Michiel"]
[Result "1-0"]
[WhiteTitle "GM"]
[BlackTitle "FM"]
[WhiteElo "2696"]
[BlackElo "2353"]
[WhiteTeam "Mednyi Vsadnik"]
[BlackTeam "LSG IntelliMagic"]
[WhiteFideId "2806851"]
[BlackFideId "1000721"]
[EventDate "2016.11.06"]

1. c4 e6 2. g3 d5 3. Bg2 Nf6 4. Nf3 d4 5. O-O c5 6. e3 Nc6 7. d3 h6 8. Re1 Be7
9. exd4 cxd4 10. Na3 O-O 11. Nc2 a5 12. b3 Re8 13. a3 Rb8 14. Rb1 b5 15. Bf4 Rb6
16. Ne5 Bb7 17. Nxc6 Bxc6 18. Bxc6 Rxc6 19. Be5 bxc4 20. bxc4 Bc5 21. Rb5 Rc8
22. Bxf6 Qxf6 23. Rxa5 g6 24. Qd2 Kg7 25. Nb4 Bd6 26. Rb5 h5 27. Re4 e5 28. Kg2
Qd8 29. a4 Qd7 30. Nd5 Qa7 31. a5 Rb8 32. Rb6 Bc5 33. Rc6 Rbc8 34. Rxc8 Rxc8 35.
Rxe5 Ra8 36. Qg5 Qxa5 37. Nf4 1-0

[Event "32nd ECC Open 2016"]
[Site "Novi Sad SRB"]
[Date "2016.11.07"]
[Round "2.8"]
[Board "5"]
[White "Van der Werf, Mark"]
[Black "Fedoseev, Vladimir3"]
[Result "0-1"]
[WhiteTitle "IM"]
[BlackTitle "GM"]
[WhiteElo "2412"]
[BlackElo "2673"]
[WhiteTeam "LSG IntelliMagic"]
[BlackTeam "Mednyi Vsadnik"]
[WhiteFideId "1000470"]
[BlackFideId "24130737"]
[EventDate "2016.11.06"]

1. Nf3 d5 2. d4 Nf6 3. c4 c6 4. cxd5 cxd5 5. Nc3 e6 6. Bf4 Qa5 7. e3 Bb4 8. Nd2
O-O 9. Qc2 Bd7 10. Nb3 Qb6 11. a3 Bxc3+ 12. Qxc3 Rc8 13. Qb4 Qxb4+ 14. axb4 Nc6
15. b5 Nb4 16. Ra4 a5 17. Bd6 Nc2+ 18. Kd1 Ne4 19. Bg3 b6 20. Nd2 Nb4 21. Nb1 e5
22. dxe5 Bf5 23. Ra1 Rc2 24. f3 Rac8 25. Na3 Nxg3 26. hxg3 Rxb2 27. Rh4 Bd3 28.
Ke1 Bxf1 29. Kxf1 Nc2 30. Nxc2 Rcxc2 31. Rd1 g6 32. Rhd4 Rf2+ 33. Kg1 Rxg2+ 34.
Kh1 Rh2+ 35. Kg1 Rbg2+ 36. Kf1 Rxg3 37. f4 Rxe3 38. Rxd5 Rh1+ 39. Kf2 Rxd1 40.
Rxd1 Rb3 41. Rd8+ Kg7 42. Rd5 h5 43. Kg2 Kf8 44. Kf2 Ke7 45. Kg2 h4 46. Kh2 a4
47. Rd4 a3 48. Ra4 Ke6 49. Ra7 h3 50. Ra6 Kf5 51. Rxb6 Kg4 0-1

[Event "32nd ECC Open 2016"]
[Site "Novi Sad SRB"]
[Date "2016.11.07"]
[Round "2.8"]
[Board "6"]
[White "Khairullin, Ildar"]
[Black "De Jong, Jan-Willem"]
[Result "1/2-1/2"]
[WhiteTitle "GM"]
[BlackTitle "IM"]
[WhiteElo "2630"]
[BlackElo "2447"]
[WhiteTeam "Mednyi Vsadnik"]
[BlackTeam "LSG IntelliMagic"]
[WhiteFideId "4151348"]
[BlackFideId "1008641"]
[EventDate "2016.11.06"]

1. e4 e5 2. Nf3 Nc6 3. Bc4 Nf6 4. d3 Bc5 5. O-O a6 6. c3 d6 7. a4 h6 8. Nbd2 O-O
9. Re1 Be6 10. h3 Ba7 11. b4 Re8 12. Bxe6 Rxe6 13. Qc2 Qd7 14. Nb3 Ree8 15. Bd2
Ne7 16. c4 Ng6 17. Bc3 Nh5 18. d4 Nhf4 19. Re3 Nxg2 20. Kxg2 Nf4+ 21. Kg1 Qxh3
22. Ne1 Qg4+ 23. Kf1 Qh5 24. Kg1 Re6 25. Ra2 Rae8 26. c5 exd4 27. Bxd4 dxc5 28.
bxc5 Rxe4 29. Rxe4 Qg4+ 30. Kf1 Qh3+ 31. Kg1 Qg4+ 32. Kf1 Qh3+ 33. Kg1 1/2-1/2

[Event "32nd ECC Open 2016"]
[Site "Novi Sad SRB"]
[Date "2016.11.07"]
[Round "2.9"]
[Board "1"]
[White "Harikrishna, Pentala"]
[Black "Dambacher, Martijn"]
[Result "1-0"]
[WhiteTitle "GM"]
[BlackTitle "GM"]
[WhiteElo "2768"]
[BlackElo "2479"]
[WhiteTeam "AVE Novy Bor"]
[BlackTeam "KSK47 Eynatten"]
[WhiteFideId "5007003"]
[BlackFideId "1005030"]
[EventDate "2016.11.06"]

1. e4 e5 2. Nf3 Nc6 3. Bb5 Nd4 4. Nxd4 exd4 5. O-O Bc5 6. Bc4 d6 7. d3 Ne7 8.
Qh5 O-O 9. Bg5 Be6 10. Qh4 Re8 11. Bxe6 fxe6 12. f4 Qd7 13. Nd2 Ng6 14. Qg4 Rf8
15. h4 Rf7 16. h5 Ne7 17. Nf3 Raf8 18. Nh4 Nc6 19. a3 a5 20. Qg3 d5 21. Rae1 Re8
22. Qg4 e5 23. f5 dxe4 24. Rxe4 Be7 25. h6 Bxg5 26. Qxg5 Qe7 27. f6 Rxf6 28. Nf5
Qd7 29. hxg7 Rg6 30. Qh5 Ree6 31. Rh4 h6 32. Rg4 Rxg4 33. Qxg4 Qe8 34. Nh4 1-0

[Event "32nd ECC Open 2016"]
[Site "Novi Sad SRB"]
[Date "2016.11.07"]
[Round "2.9"]
[Board "2"]
[White "Swinkels, Robin"]
[Black "Navara, David"]
[Result "0-1"]
[WhiteTitle "GM"]
[BlackTitle "GM"]
[WhiteElo "2480"]
[BlackElo "2725"]
[WhiteTeam "KSK47 Eynatten"]
[BlackTeam "AVE Novy Bor"]
[WhiteFideId "1010824"]
[BlackFideId "309095"]
[EventDate "2016.11.06"]

1. d4 f5 2. Nc3 d5 3. Bf4 Nf6 4. e3 e6 5. Nf3 a6 6. Be2 c5 7. O-O b5 8. Ne5 Nbd7
9. Nb1 Nxe5 10. Bxe5 Bd6 11. Bxd6 Qxd6 12. c3 O-O 13. Nd2 c4 14. a3 Bd7 15. Qc2
a5 16. Nf3 Rfc8 17. Ne5 Be8 18. Rfb1 Nd7 19. Nxd7 Bxd7 20. Qd2 b4 21. axb4 axb4
22. Rxa8 Rxa8 23. b3 bxc3 24. Qxc3 Rb8 25. Bd1 Ba4 26. g3 Bxb3 27. Bxb3 Qa3 28.
Kf1 Rxb3 29. Rxb3 Qxb3 30. Qa5 h6 31. Qa6 Qb1+ 32. Ke2 Qd3+ 33. Ke1 Kh7 34. h4
Qb1+ 35. Ke2 Qc2+ 36. Ke1 c3 37. Qxe6 Qd2+ 38. Kf1 Qd3+ 39. Kg1 c2 40. Qc8 Qc4
41. Qxf5+ Kg8 42. Qe6+ Kf8 43. Qd6+ Ke8 44. Qb8+ Kf7 0-1

[Event "32nd ECC Open 2016"]
[Site "Novi Sad SRB"]
[Date "2016.11.07"]
[Round "2.9"]
[Board "3"]
[White "Shirov, Alexei"]
[Black "Zelbel, Patrick"]
[Result "1-0"]
[WhiteTitle "GM"]
[BlackTitle "IM"]
[WhiteElo "2677"]
[BlackElo "2457"]
[WhiteTeam "AVE Novy Bor"]
[BlackTeam "KSK47 Eynatten"]
[WhiteFideId "2209390"]
[BlackFideId "24624322"]
[EventDate "2016.11.06"]

1. e4 e5 2. Nf3 Nc6 3. Bb5 f5 4. d3 fxe4 5. dxe4 Nf6 6. Nc3 Bb4 7. Qd3 Bxc3+ 8.
Qxc3 Nxe4 9. Qe3 Nf6 10. Nxe5 Nxe5 11. Qxe5+ Qe7 12. Bf4 c6 13. Bd3 Qxe5+ 14.
Bxe5 d5 15. f3 Kf7 16. Kd2 h5 17. b4 Re8 18. Rhe1 Bd7 19. Bd4 b6 20. a4 g6 21.
a5 Rxe1 22. Rxe1 Rb8 23. Ra1 Rb7 24. axb6 axb6 25. Ra8 Ne8 26. Ba6 1-0

[Event "32nd ECC Open 2016"]
[Site "Novi Sad SRB"]
[Date "2016.11.07"]
[Round "2.9"]
[Board "5"]
[White "Laznicka, Viktor"]
[Black "Hammes, Michael"]
[Result "1-0"]
[WhiteTitle "GM"]
[BlackTitle "IM"]
[WhiteElo "2664"]
[BlackElo "2332"]
[WhiteTeam "AVE Novy Bor"]
[BlackTeam "KSK47 Eynatten"]
[WhiteFideId "316385"]
[BlackFideId "4619358"]
[EventDate "2016.11.06"]

1. e4 e6 2. d4 d5 3. Nd2 a6 4. Ngf3 c5 5. dxc5 Bxc5 6. Bd3 Nc6 7. O-O Nge7 8.
exd5 exd5 9. Nb3 Bb6 10. Re1 O-O 11. Be3 Bxe3 12. Rxe3 Nf5 13. Re1 Qf6 14. c3
Nd6 15. Nfd4 g6 16. Bf1 Ne5 17. Nc2 Nec4 18. Nb4 Be6 19. Nxd5 Bxd5 20. Qxd5 Nxb2
21. Nc5 Rfd8 22. Qb3 Rac8 23. Nxb7 Nxb7 24. Qxb7 Na4 25. Qxa6 Qxa6 26. Bxa6 Rxc3
27. Rac1 Rd2 28. Bc4 Rxc1 29. Rxc1 Nc3 30. Rxc3 1-0

[Event "32nd ECC Open 2016"]
[Site "Novi Sad SRB"]
[Date "2016.11.07"]
[Round "2.9"]
[Board "6"]
[White "Vanstreels, Luc"]
[Black "Bartel, Mateusz"]
[Result "1/2-1/2"]
[BlackTitle "GM"]
[WhiteElo "2108"]
[BlackElo "2646"]
[WhiteTeam "KSK47 Eynatten"]
[BlackTeam "AVE Novy Bor"]
[WhiteFideId "205737"]
[BlackFideId "1112635"]
[EventDate "2016.11.06"]

1. d4 Nf6 2. Nf3 b6 3. e3 Bb7 4. Bd3 g6 5. c4 Bg7 6. Nc3 O-O 7. O-O e6 8. e4 d6
9. h3 Nc6 10. Bg5 h6 11. Bh4 g5 12. Bg3 Nh5 13. d5 Nb4 14. Be2 Nxg3 15. fxg3 c6
16. a3 Na6 17. dxe6 fxe6 18. e5 d5 19. Rc1 Nc5 20. Qc2 Qe7 21. Rce1 a5 22. b4
axb4 23. axb4 Na6 24. b5 Nb4 25. Qg6 Ra3 26. bxc6 Bxc6 27. Nb5 Be8 28. Qb1 Bxb5
29. cxb5 Qc5+ 30. Kh2 Nc2 31. Rc1 Rc3 32. Bd3 Ne3 33. Rfe1 Rxc1 34. Rxc1 Qe7 35.
Rc6 Qf7 36. Bh7+ Kh8 37. Bg6 Qe7 38. Qc1 Nc4 39. Bb1 Bxe5 40. Nxe5 Nxe5 41. Rc7
Qb4 42. Qc2 Qe4 43. Qb2 Qe3 44. Qc2 Qe4 45. Qb2 Qe3 46. Qc2 Qe4 47. Qxe4 1/2-1/2

[Event "32nd ECC Open 2016"]
[Site "Novi Sad SRB"]
[Date "2016.11.07"]
[Round "2.10"]
[Board "2"]
[White "Malakhov, Vladimir"]
[Black "Barkhagen, Jonas"]
[Result "1-0"]
[WhiteTitle "GM"]
[BlackTitle "IM"]
[WhiteElo "2698"]
[BlackElo "2437"]
[WhiteTeam "SHSM Legacy Square Moscow"]
[BlackTeam "SK Rockaden"]
[WhiteFideId "4120787"]
[BlackFideId "1700855"]
[EventDate "2016.11.06"]

1. Nf3 d5 2. e3 Nf6 3. c4 c6 4. Nc3 e6 5. b3 Bd6 6. Bb2 O-O 7. d4 Nbd7 8. Bd3 e5
9. cxd5 cxd5 10. dxe5 Nxe5 11. Be2 Nxf3+ 12. Bxf3 Be5 13. O-O Bf5 14. Rc1 Re8
15. Na4 Bxb2 16. Nxb2 Qa5 17. Na4 Be4 18. Be2 Rac8 19. Qd4 Rxc1 20. Rxc1 b5 21.
Qc3 Qxc3 22. Nxc3 b4 23. Nb5 a5 24. f3 Bg6 25. Kf2 h5 26. Nd4 h4 27. Bb5 Rb8 28.
Bc6 Rb6 29. Rc5 Ra6 30. Ke2 Kf8 31. Bb7 Rb6 32. Bxd5 Nxd5 33. Rxd5 Ra6 34. e4 f6
35. Ke3 a4 36. Rb5 axb3 37. axb3 Ra2 38. Rb8+ Kf7 39. Ne2 Ke7 40. Rxb4 Bf7 41.
Rb7+ Kf8 42. h3 Rb2 43. b4 Bc4 44. Nf4 g5 45. Nh5 Rxg2 46. Nxf6 Be6 47. b5 Bxh3
48. b6 Rb2 49. Nh7+ Kg8 50. Nxg5 Bf1 51. Kf4 h3 52. Kf5 Rc2 53. Rb8+ Kg7 54.
Ne6+ Kh7 55. b7 Rb2 56. Kf6 Rb6 57. Re8 1-0

[Event "32nd ECC Open 2016"]
[Site "Novi Sad SRB"]
[Date "2016.11.07"]
[Round "2.10"]
[Board "3"]
[White "Bator, Robert"]
[Black "Zvjaginsev, Vadim"]
[Result "0-1"]
[WhiteTitle "IM"]
[BlackTitle "GM"]
[WhiteElo "2428"]
[BlackElo "2675"]
[WhiteTeam "SK Rockaden"]
[BlackTeam "SHSM Legacy Square Moscow"]
[WhiteFideId "1700405"]
[BlackFideId "4113403"]
[EventDate "2016.11.06"]

1. d4 g6 2. g3 Bg7 3. Bg2 c5 4. d5 d6 5. c4 b5 6. cxb5 a6 7. bxa6 Nxa6 8. Nf3
Nf6 9. O-O O-O 10. Nc3 Bb7 11. Ne1 Qa5 12. Nc2 Nc7 13. Ne3 Rab8 14. Qc2 Nd7 15.
h4 Ba6 16. a4 Ne5 17. h5 f5 18. hxg6 hxg6 19. Re1 Qb4 20. Ra3 Ne8 21. f4 Nc4 22.
Nxc4 Bxc4 23. Bf3 Bb3 24. Qd3 Qd4+ 25. Kg2 Qxd3 26. exd3 Kf7 27. g4 Bxc3 28.
bxc3 fxg4 29. Be4 Nf6 30. c4 Nxe4 31. Rxe4 Bd1 32. Re1 Bf3+ 33. Kg3 Rb1 34. a5
Rh8 35. f5 g5 36. Rc3 Ra1 37. Kf2 Ra2+ 0-1

[Event "32nd ECC Open 2016"]
[Site "Novi Sad SRB"]
[Date "2016.11.07"]
[Round "2.10"]
[Board "4"]
[White "Grachev, Boris"]
[Black "Hedman, Erik"]
[Result "1-0"]
[WhiteTitle "GM"]
[BlackTitle "FM"]
[WhiteElo "2632"]
[BlackElo "2354"]
[WhiteTeam "SHSM Legacy Square Moscow"]
[BlackTeam "SK Rockaden"]
[WhiteFideId "4129199"]
[BlackFideId "1702351"]
[EventDate "2016.11.06"]

1. Nf3 c5 2. c4 Nc6 3. d4 cxd4 4. Nxd4 Nf6 5. Nc3 e6 6. a3 Qc7 7. Bg5 a6 8. e3
Be7 9. Be2 O-O 10. O-O Rd8 11. Rc1 b6 12. b4 Bb7 13. Nf3 Ne8 14. Bf4 Bd6 15.
Bxd6 Nxd6 16. Na4 Ne4 17. c5 bxc5 18. Nxc5 Nxc5 19. Rxc5 d6 20. Rc4 Qb6 21. Qc2
h6 22. Rc1 Na7 23. Qb2 Bd5 24. Rg4 e5 25. Bc4 Qb7 26. Bxd5 Qxd5 27. Rgc4 Rdc8
28. Nd2 Qd3 29. h3 Rxc4 30. Nxc4 Rc8 31. Rc3 Qd1+ 32. Kh2 Nb5 33. Rc1 Qh5 34. a4
d5 35. axb5 dxc4 36. bxa6 Qg6 37. b5 1-0

[Event "32nd ECC Open 2016"]
[Site "Novi Sad SRB"]
[Date "2016.11.07"]
[Round "2.10"]
[Board "5"]
[White "Engqvist, Thomas"]
[Black "Najer, Evgeniy"]
[Result "0-1"]
[WhiteTitle "IM"]
[BlackTitle "GM"]
[WhiteElo "2350"]
[BlackElo "2683"]
[WhiteTeam "SK Rockaden"]
[BlackTeam "SHSM Legacy Square Moscow"]
[WhiteFideId "1700332"]
[BlackFideId "4118987"]
[EventDate "2016.11.06"]

1. Nf3 d5 2. d4 Nf6 3. c4 e6 4. Nc3 c6 5. e3 Nbd7 6. Qc2 Bd6 7. Bd3 O-O 8. O-O
dxc4 9. Bxc4 e5 10. Bd2 h6 11. Bb3 Re8 12. dxe5 Nxe5 13. Nxe5 Rxe5 14. f4 Bf5
15. Qd1 Re8 16. Qe1 Re7 17. Rf3 a5 18. h3 Qb6 19. Qe2 Be6 20. Na4 Qb5 21. Qxb5
cxb5 22. Bxe6 Rxe6 23. Nc3 b4 24. Ne2 Ne4 25. Be1 Bc5 26. Rd1 Rc8 27. f5 Rd6 28.
Rxd6 Bxd6 29. Nd4 Rc1 30. Rf1 Rb1 31. b3 Ra1 32. Nf3 Rxa2 33. Bh4 Rb2 34. Rd1
Rxb3 35. Rd4 Rxe3 36. Bf2 Re2 37. Nd2 Rxd2 38. Rxe4 Rd1+ 0-1

[Event "32nd ECC Open 2016"]
[Site "Novi Sad SRB"]
[Date "2016.11.07"]
[Round "2.10"]
[Board "6"]
[White "Popov, Ivan RUS"]
[Black "Kenneskog, Theodor"]
[Result "1-0"]
[WhiteTitle "GM"]
[BlackTitle "FM"]
[WhiteElo "2596"]
[BlackElo "2332"]
[WhiteTeam "SHSM Legacy Square Moscow"]
[BlackTeam "SK Rockaden"]
[WhiteFideId "4170350"]
[BlackFideId "1715011"]
[EventDate "2016.11.06"]

1. e4 c5 2. Nf3 d6 3. d4 cxd4 4. Nxd4 Nf6 5. Nc3 a6 6. Be3 e5 7. Nb3 Be6 8. h3
Nbd7 9. g4 Rc8 10. Qd2 Be7 11. g5 Nh5 12. O-O-O O-O 13. Be2 Nf4 14. Bxf4 exf4
15. h4 Nb6 16. Nd5 Nxd5 17. exd5 Bf5 18. Bd3 Bxd3 19. Qxd3 Re8 20. Nd2 Bf8 21.
Ne4 Qc7 22. b3 Re5 23. Kb1 Kh8 24. c4 Qd7 25. f3 Rce8 26. a4 Qe7 27. h5 f5 28.
gxf6 gxf6 29. Rhg1 Bh6 30. c5 dxc5 31. d6 Qe6 32. d7 Rd8 33. Qc3 Bg7 34. Rd6 Qe7
35. h6 Bxh6 36. Rxf6 Bg7 37. Rxg7 1-0

[Event "32nd ECC Open 2016"]
[Site "Novi Sad SRB"]
[Date "2016.11.07"]
[Round "2.11"]
[Board "1"]
[White "Van Wely, Loek"]
[Black "Klein, David"]
[Result "1-0"]
[WhiteTitle "GM"]
[BlackTitle "GM"]
[WhiteElo "2685"]
[BlackElo "2513"]
[WhiteTeam "Schachgesellschaft Zurich"]
[BlackTeam "Kennemer Combinatie"]
[WhiteFideId "1000268"]
[BlackFideId "1003623"]
[EventDate "2016.11.06"]

1. d4 Nf6 2. c4 e6 3. Nc3 Bb4 4. Nf3 c5 5. g3 Bxc3+ 6. bxc3 Qa5 7. Qd3 b6 8. Bg2
Bb7 9. d5 O-O 10. O-O exd5 11. cxd5 Bxd5 12. Bg5 c4 13. Qf5 Ne4 14. Be7 g6 15.
Qf4 Re8 16. Bb4 Nxc3 17. Bxc3 Qxc3 18. Ng5 Qe5 19. Bxd5 Qxd5 20. e4 1-0

[Event "32nd ECC Open 2016"]
[Site "Novi Sad SRB"]
[Date "2016.11.07"]
[Round "2.11"]
[Board "2"]
[White "Admiraal, Miguoel"]
[Black "Bauer, Christian"]
[Result "0-1"]
[WhiteTitle "IM"]
[BlackTitle "GM"]
[WhiteElo "2448"]
[BlackElo "2632"]
[WhiteTeam "Kennemer Combinatie"]
[BlackTeam "Schachgesellschaft Zurich"]
[WhiteFideId "1019716"]
[BlackFideId "603767"]
[EventDate "2016.11.06"]

1. d4 g6 2. e4 Bg7 3. Nf3 d6 4. Bc4 e6 5. Bb3 Ne7 6. O-O O-O 7. Re1 b6 8. Nbd2
Nbc6 9. c3 Na5 10. Bc2 c5 11. Nf1 Bb7 12. Ng3 cxd4 13. cxd4 Rc8 14. h4 h6 15.
Bb1 Nec6 16. h5 Nxd4 17. Nxd4 Rxc1 18. Qxc1 Bxd4 19. Rd1 Bg7 20. hxg6 fxg6 21.
e5 d5 22. Bxg6 Nc4 23. Re1 Qh4 24. Qc3 Qg5 25. Bc2 Nxe5 26. Qc7 Ng4 27. Rxe6 Qh4 0-1

[Event "32nd ECC Open 2016"]
[Site "Novi Sad SRB"]
[Date "2016.11.07"]
[Round "2.11"]
[Board "3"]
[White "Pelletier, Yannick"]
[Black "Ducarmon, Quinten"]
[Result "1-0"]
[WhiteTitle "GM"]
[BlackTitle "IM"]
[WhiteElo "2566"]
[BlackElo "2457"]
[WhiteTeam "Schachgesellschaft Zurich"]
[BlackTeam "Kennemer Combinatie"]
[WhiteFideId "1301837"]
[BlackFideId "1025007"]
[EventDate "2016.11.06"]

1. d4 Nf6 2. c4 e6 3. Nf3 b6 4. g3 Ba6 5. Qa4 c5 6. Bg2 Bb7 7. dxc5 bxc5 8. O-O
Be7 9. Nc3 Ne4 10. Nxe4 Bxe4 11. Rd1 O-O 12. Bf4 a5 13. Rd2 Ra6 14. Rad1 d6 15.
Ne1 Bxg2 16. Kxg2 Qc7 17. f3 Rd8 18. Nc2 Qc6 19. Qxc6 Rxc6 20. Na3 g5 21. Be5 f6
22. Bc3 Nd7 23. Nb5 Ne5 24. Bxe5 fxe5 25. a4 Kf7 26. Kf2 e4 27. fxe4 Kf6 28. Ke3
Ke5 29. Rf1 g4 30. Kd3 Rf8 31. Rxf8 Bxf8 32. e3 Be7 33. Rf2 Bf6 34. h3 Rb6 35.
hxg4 h6 36. Rh2 Bg5 37. Rf2 Bf6 38. Nd4 Bg5 39. Rf7 d5 40. exd5 exd5 41. Rf5+
Kd6 42. Nb5+ 1-0

[Event "32nd ECC Open 2016"]
[Site "Novi Sad SRB"]
[Date "2016.11.07"]
[Round "2.11"]
[Board "4"]
[White "Dek, Lennart"]
[Black "Studer, Noel"]
[Result "0-1"]
[BlackTitle "IM"]
[WhiteElo "2278"]
[BlackElo "2436"]
[WhiteTeam "Kennemer Combinatie"]
[BlackTeam "Schachgesellschaft Zurich"]
[WhiteFideId "1013114"]
[BlackFideId "1319620"]
[EventDate "2016.11.06"]

1. e4 e5 2. Nf3 Nc6 3. Bc4 Bc5 4. c3 Nf6 5. d3 d6 6. h3 a6 7. Bb3 h6 8. Nbd2 O-O
9. Nf1 d5 10. Qe2 Be6 11. g4 Re8 12. g5 hxg5 13. Bxg5 Be7 14. Ng3 Na5 15. h4
Nxb3 16. axb3 Bg4 17. Rg1 d4 18. Nf1 Qc8 19. N1h2 Bh5 20. Qf1 dxc3 21. bxc3 Qe6
22. Nd2 g6 23. Rg3 Rad8 24. Qh3 Qc6 25. Rc1 b5 26. Kf1 a5 27. Kg1 Rd6 28. Qf1
Bf8 29. Nhf3 Qd7 30. Ra1 Nh7 31. Ne1 Ra8 32. f4 f6 33. fxe5 fxe5 34. Qg2 Bg7 35.
Be3 Qf7 36. c4 c6 37. Bc5 Rd7 38. Bb4 Rda7 39. Bc5 Rd7 40. Nc2 Qe6 41. Bb4 Bh6
42. Rxa5 Rxa5 43. Bxa5 Bf4 44. Bc3 Nf6 45. Nb4 bxc4 46. bxc4 Rb7 47. Nc2 Qd6 48.
Kf1 Kh7 49. d4 exd4 50. Bxd4 Bxg3 0-1

[Event "32nd ECC Open 2016"]
[Site "Novi Sad SRB"]
[Date "2016.11.07"]
[Round "2.11"]
[Board "5"]
[White "Vogt, Lothar"]
[Black "Duijn, Rob"]
[Result "1-0"]
[WhiteTitle "GM"]
[WhiteElo "2409"]
[BlackElo "2218"]
[WhiteTeam "Schachgesellschaft Zurich"]
[BlackTeam "Kennemer Combinatie"]
[WhiteFideId "4611292"]
[BlackFideId "1014501"]
[EventDate "2016.11.06"]

1. e4 c6 2. d4 d5 3. Nd2 dxe4 4. Nxe4 Nd7 5. Nf3 Ngf6 6. Ng3 e6 7. Bd3 c5 8. O-O
Be7 9. Qe2 O-O 10. Rd1 Qc7 11. dxc5 Nxc5 12. Bc4 a6 13. a4 a5 14. b3 b6 15. Bb2
Ba6 16. Bxa6 Nxa6 17. Ne5 Nb4 18. Nc4 Nbd5 19. Ne4 Rfd8 20. Be5 Qc6 21. Qf3 Nxe4
22. Qxe4 Rac8 23. Rd2 Bc5 24. Rad1 Re8 25. Bb2 Qc7 26. Rd3 Qf4 27. Qxf4 Nxf4 28.
Rd7 f6 29. Ba3 e5 30. Bxc5 Rxc5 31. R1d6 Re6 32. Kf1 h5 33. g3 Rxd6 34. Rxd6 Nd5
35. Ke2 Kf7 36. Rd7+ Kg6 37. h4 b5 38. axb5 Nc3+ 39. Kd3 Nxb5 40. Nxa5 Rc3+ 41.
Kd2 Rf3 42. Ke1 Nd4 43. Rc7 Kf5 44. Rc5 g5 45. hxg5 Kxg5 46. c3 Ne6 47. Rc6 Kf5
48. Nc4 Ng5 49. Ne3+ Kg6 50. Ke2 e4 51. Ng2 Kf7 52. Nh4 Rd3 53. b4 Ke7 54. b5
Kd7 55. c4 Ne6 56. Nf5 h4 57. gxh4 Nf4+ 58. Ke1 Ng2+ 59. Kf1 Nf4 60. Ne3 Ra3 61.
Ra6 Rb3 62. Kg1 Rb2 63. Rxf6 Ne2+ 64. Kg2 Nd4 65. Rf4 1-0